জ্ঞানসিন্ধু / (Record no. 44246)
[ view plain ]
| 000 -LEADER | |
|---|---|
| fixed length control field | 00856nam a2200241 a 4500 |
| 001 - CONTROL NUMBER | |
| control field | 44246 |
| 003 - CONTROL NUMBER IDENTIFIER | |
| rucl marc code | BD-RjUL |
| 005 - DATE AND TIME OF LATEST TRANSACTION | |
| control field | 20211209053825.0 |
| 008 - FIXED-LENGTH DATA ELEMENTS--GENERAL INFORMATION | |
| fixed length control field | 160716s 1956bg ||||| |||| 00| 0 ben d |
| 035 ## - SYSTEM CONTROL NUMBER | |
| System control number | (BD-RjUL)44364 |
| 040 ## - CATALOGING SOURCE | |
| Original cataloging agency | BD-RjUL |
| Language of cataloging | ben |
| Transcribing agency | BD-RjUL |
| 041 ## - LANGUAGE CODE | |
| Language code of text/sound track or separate title | ben |
| 082 ## - DEWEY DECIMAL CLASSIFICATION NUMBER | |
| Edition number | 23 |
| Classification number | 297 |
| Author mark and year | GAG 1956 |
| 100 ## - MAIN ENTRY--PERSONAL NAME | |
| Personal name | গাযালী, ইমাম |
| 9 (RLIN) | 135861 |
| 245 ## - TITLE STATEMENT | |
| Title | জ্ঞানসিন্ধু / |
| Statement of responsibility, etc. | ইমাম গাযালী, এস.এম.ইসহাক আলী |
| 250 ## - EDITION STATEMENT | |
| Edition statement | ২য় সং. |
| 260 ## - PUBLICATION, DISTRIBUTION, ETC. (IMPRINT) | |
| Place of publication, distribution, etc. | রাজশাহী : |
| Name of publisher, distributor, etc. | ফারুক লাইব্রেরী, |
| Date of publication, distribution, etc. | ১৯৫৬ |
| 300 ## - PHYSICAL DESCRIPTION | |
| Pagination | ৪০২ পৃ. ; |
| Size | ১৯ সেমি. |
| 650 ## - SUBJECT ADDED ENTRY--TOPICAL TERM | |
| Topical term or geographic name as entry element | ইসলাম |
| 9 (RLIN) | 135862 |
| Topical term or geographic name as entry element | Islam |
| 9 (RLIN) | 135863 |
| 700 ## - ADDED ENTRY--PERSONAL NAME | |
| Personal name | আলী, এস.এম.ইসহাক, সম্পাদক |
| 942 ## - ADDED ENTRY ELEMENTS (KOHA) | |
| Source of classification or shelving scheme | Dewey Decimal Classification |
| Koha item type | Books |
| Lost status | Source of classification or shelving scheme | Damaged status | Not for loan | Collection code | Permanent Location | Current Location | Shelving location | Date acquired | Source of acquisition | Cost, normal purchase price | Total Checkouts | Full call number | Date last seen | Copy number | Koha item type |
|---|---|---|---|---|---|---|---|---|---|---|---|---|---|---|---|
| Dewey Decimal Classification | Non-fiction | Central Library, University of Rajshahi | Central Library, University of Rajshahi | 27/02/1967 | Rajshahi | 4.50 | B 297 GAG 1956 | 16/07/2016 | C-2 | Books | |||||
| Dewey Decimal Classification | Non-fiction | Central Library, University of Rajshahi | Central Library, University of Rajshahi | 27/02/1967 | Rajshahi | 4.50 | B 297 GAG 1956 | 16/07/2016 | C-3 | Books | |||||
| Dewey Decimal Classification | Non-fiction | Central Library, University of Rajshahi | Central Library, University of Rajshahi | 27/02/1967 | Farooq Library, Rajshahi | 5.25 | B 297 GAG 1956 | 16/07/2016 | C-4 | Books | |||||
| Dewey Decimal Classification | Non-fiction | Central Library, University of Rajshahi | Central Library, University of Rajshahi | 27/02/1967 | Rajushahi : Faruk Library | 4.00 | B 297 GAG 1956 | 20/07/2016 | C-5 | Books |